Terras de Sofala : persistências e mudança : contribuições para a história da Costa Sul-Oriental de África nos séculos XVI-XVIII (Registo nº 202818)
[ vista simples ]
| 000 -Etiqueta do registo | |
|---|---|
| Valores | 00736nam 22002053 4500 |
| 010 ## - Número ISBN | |
| ISBN | 978-972-31-1397-6 |
| 021 ## - Número do Depósito Legal | |
| Código do país | Portugal |
| Número | 31835/12 |
| 100 ## - Dados gerais de processamento | |
| Dados gerais | 20260701d u||y0pory50 ba |
| 200 ## - Titulo e menção de responsabilidade | |
| Título próprio | Terras de Sofala : persistências e mudança : contribuições para a história da Costa Sul-Oriental de África nos séculos XVI-XVIII |
| Primeira menção de responsabilidade | Ana Cristina Roque |
| 210 ## - Publicação | |
| Local de publicação | [Lisboa] |
| Nome do editor | Fundação Calouste Gulbenkian |
| Data de publicação | 2012 |
| 215 ## - Descrição física | |
| Paginação / Volumes | 948 p. |
| Outras indicações físicas | il. ; brochado |
| Dimensões | 23 cm |
| 225 ## - Colecção | |
| Título próprio da colecção | Textos universitários de ciências sociais e humanas |
| 606 ## - Nome comum usado como assunto | |
| ID Autoridade | 2619 |
| Palavra de ordem | História de África |
| 675 ## - CDU | |
| Notação | 94 (6) |
| Edição | PT |
| Língua | por |
| 700 ## - Autor principal (pessoa individual) | |
| ID Autoridade | 17673 |
| Apelido | Roque |
| Nome | Ana Cristina |
| Datas | 1956- |
| 801 ## - Fonte de origem | |
| País | PT |
| Agência | BMMN |
| Regras de catalogação | RPC |
| 830 ## - Notas gerais do catalogador | |
| Criado por | Vanda |
| 990 ## - Elementos KOHA | |
| Tipo de documento | Livro |
| Situação do levantamento | Biblioteca de origem | Código de barras | Cota | Permissão de empréstimo | Tipo de documento | Forma de aquisição |
|---|---|---|---|---|---|---|
| Biblioteca Municipal de Montemor-o-Novo | 32338 | 94 (6) ROQ|DEP | Livro | Oferta |